000 00454nam a2200145Ia 4500
008 151015s9999 xx 000 0 und d
020 _a9.7803409572e+012
050 _aGF 41 M525 2008
245 _aMiddleton Nick
250 _a_The Global Casino An Introduction to Environment Issues Nick Middleton
300 _aLondon Hodder Education 2008
500 _aIncludes Index
650 _a_Environmental Issues
700 _a^d20120112 03:33:19^okorir
999 _c3090
_d3090